[Event "FIDE Online Olympiad"]
[Site "Chess.com"]
[Date "2020.08.15"]
[EventDate "2020.08.14"]
[Round "6"]
[Result "1-0"]
[White "Fernando Bolanos"]
[Black "Milo Pobor"]
[WhiteElo "2272"]
[BlackElo "1988"]
[Source "Chess-Results"]
[PlyCount "79"]

1. e4 c5 2. Nf3 e6 3. d4 cxd4 4. Nxd4 Nc6 5. c4 Qc7 6. Nc3 Nf6
7. Be3 Bb4 8. f3 O-O 9. Nb5 Qb8 10. a3 Be7 11. Be2 a6 12. Nd4
Nh5 13. Qd2 Nxd4 14. Bxd4 Nf4 15. Bf1 Ng6 16. Be2 Nf4 17. Bf1
Ng6 18. g3 f5 19. f4 fxe4 20. Bg2 Qc7 21. b3 b6 22. Bxe4 Bb7
23. Qg2 Bxe4 24. Qxe4 Bc5 25. O-O Rad8 26. Na4 Ne7 27. Bxc5
bxc5 28. Rad1 Nf5 29. Kh1 Rb8 30. Rd3 Rfe8 31. Rfd1 d6 32. g4
Nd4 33. b4 Qd7 34. bxc5 Qxa4 35. Rxd4 dxc5 36. Rd7 Rbc8
37. Qe5 Qc6+ 38. Kg1 Qxd7 39. Rxd7 Rb8 40. Qxg7# 1-0

[Event "FIDE Online Olympiad"]
[Site "Chess.com"]
[Date "2020.08.15"]
[EventDate "2020.08.14"]
[Round "6"]
[Result "1-0"]
[White "Jenny Astrid Chirivi Castiblanco"]
[Black "Thais Castillo Morales"]
[WhiteElo "2094"]
[BlackElo "1867"]
[Source "Chess-Results"]
[PlyCount "53"]

1. d4 e6 2. c4 Nf6 3. Nf3 b6 4. a3 Bb7 5. Nc3 Be7 6. d5 O-O
7. e4 exd5 8. cxd5 d6 9. Bd3 Nbd7 10. O-O Re8 11. h3 Bf8
12. Re1 g6 13. Bf4 Bg7 14. Rc1 a5 15. Bb1 Nc5 16. b4 axb4
17. axb4 Na6 18. Qb3 Nd7 19. Nb5 Rc8 20. Nfd4 Qf6 21. Be3 g5
22. Nf5 Qb2 23. Qxb2 Bxb2 24. Rc2 Bf6 25. Bd2 Ne5 26. Ra2 Nd3
27. Bxd3 1-0

[Event "FIDE Online Olympiad"]
[Site "Chess.com"]
[Date "2020.08.15"]
[EventDate "2020.08.14"]
[Round "6"]
[Result "1-0"]
[White "Luis Fernando Ibarra Chami"]
[Black "Alan Pichot"]
[WhiteElo "2434"]
[BlackElo "2548"]
[Source "Chess-Results"]
[PlyCount "131"]

1. c4 Nf6 2. Nc3 e6 3. e3 d5 4. Nf3 a6 5. b3 c5 6. cxd5 exd5
7. d3 Nc6 8. Be2 d4 9. Ne4 Nd5 10. exd4 cxd4 11. O-O Be7
12. Bb2 Nf4 13. Qd2 Ne6 14. Rfc1 O-O 15. a3 a5 16. Rc4 f5
17. Ng3 g6 18. Bd1 Qd6 19. Rac1 Bd7 20. Ne2 Bf6 21. Qc2 Rac8
22. Qb1 g5 23. a4 g4 24. Nd2 Bg5 25. R1c2 Rfd8 26. Nf1 f4
27. Nd2 f3 28. Ng3 fxg2 29. Nde4 Qe7 30. Nf5 Qf8 31. Nxd4
Nexd4 32. Bxd4 Bh4 33. Bc5 Qh6 34. Nd6 Rb8 35. Bxg4 Ne5
36. Bxd7 Nxc4 37. Rxc4 Rxd7 38. Nf5 Qe6 39. Nxh4 Qh3 40. Qd1
Rxd3 41. Qg4+ Qxg4 42. Rxg4+ Kf7 43. Rg3 Rbd8 44. Bb6 Rxg3
45. hxg3 Rd3 46. Bxa5 Rxb3 47. Bc7 Rc3 48. Bb6 Ke6 49. a5 Kd5
50. Kxg2 Ke4 51. f3+ Kd5 52. g4 Ke6 53. Kg3 Rb3 54. Nf5 Rb1
55. Ne3 Rb3 56. f4 Ra3 57. g5 Ra1 58. Kg4 Rg1+ 59. Kf3 Ra1
60. f5+ Kf7 61. Kf4 Rh1 62. Ng4 Rf1+ 63. Ke5 Re1+ 64. Kd6 Rg1
65. Ne5+ Ke8 66. Bxg1 1-0

[Event "FIDE Online Olympiad"]
[Site "Chess.com"]
[Date "2020.08.15"]
[EventDate "2020.08.14"]
[Round "6"]
[Result "1-0"]
[White "Zenia Corrales Jimenez"]
[Black "Maria Jose Campos"]
[WhiteElo "2176"]
[BlackElo "2093"]
[Source "Chess-Results"]
[PlyCount "119"]

1. e4 e5 2. Nf3 Nc6 3. Bb5 a6 4. Bxc6 dxc6 5. d4 exd4 6. Qxd4
Qxd4 7. Nxd4 Bd7 8. Be3 O-O-O 9. Nd2 Ne7 10. O-O-O Ng6 11. f4
Re8 12. h3 f6 13. N4f3 Bd6 14. f5 Ne5 15. Nxe5 Bxe5 16. g4 b6
17. h4 c5 18. Rdf1 Bc6 19. Bf4 b5 20. Bxe5 Rxe5 21. Rf4 Rhe8
22. Re1 h5 23. gxh5 Rh8 24. Rg1 Re7 25. Rfg4 Rh7 26. Nb3 Bxe4
27. Rf4 Rxh5 28. Re1 Re5 29. Rexe4 Rexf5 30. Rxf5 Rxf5 31. Kd2
c4 32. Nd4 Rf2+ 33. Ne2 Rh2 34. Ke3 c5 35. Rg4 Rh3+ 36. Kd2 b4
37. Rxc4 Kb7 38. Rg4 Kb6 39. Rxg7 Rxh4 40. Rg6 Kb5 41. Rxf6 a5
42. Rf8 a4 43. Rb8+ Kc4 44. b3+ axb3 45. axb3+ Kd5 46. Rf8 Rh2
47. Rf5+ Kd6 48. Rf3 Kd5 49. Kd3 Rh1 50. Rf5+ Kc6 51. Kc4 Rh4+
52. Nf4 Kd6 53. Kb5 Rg4 54. Nd3 Rg2 55. Rxc5 Rd2 56. Kxb4 Kd7
57. Rc4 Kd6 58. Rd4+ Kc7 59. c4 Kc6 60. Ne5+ 1-0

[Event "FIDE Online Olympiad"]
[Site "Chess.com"]
[Date "2020.08.15"]
[EventDate "2020.08.14"]
[Round "6"]
[Result "1-0"]
[White "Candela Be Francisco Guecamburu"]
[Black "Diana Carime Real Pereyra"]
[WhiteElo "1904"]
[BlackElo "2055"]
[Source "Chess-Results"]
[PlyCount "63"]

1. e4 c5 2. Nf3 Nf6 3. e5 Nd5 4. c3 e6 5. d4 cxd4 6. cxd4 d6
7. Bc4 Nc6 8. O-O Be7 9. Qe2 O-O 10. Rd1 Qc7 11. Nbd2 Nf4
12. Qe3 Ng6 13. exd6 Bxd6 14. Ne4 Bf4 15. Qe2 Rd8 16. g3 Bxc1
17. Raxc1 Qe7 18. h4 a6 19. h5 Nf8 20. Bb3 Nb4 21. Ne5 Nd5
22. h6 f5 23. hxg7 Qxg7 24. Nc3 f4 25. Qf3 Ng6 26. Nxd5 Nxe5
27. dxe5 exd5 28. Rxd5 Be6 29. Rxd8+ Rxd8 30. Bxe6+ Kh8
31. Qxf4 Rf8 32. Rc8 1-0

[Event "FIDE Online Olympiad"]
[Site "Chess.com"]
[Date "2020.08.15"]
[EventDate "2020.08.14"]
[Round "6"]
[Result "1-0"]
[White "Isaac Valent Tello Chavez"]
[Black "Tomas Kapitanchuk"]
[WhiteElo "2123"]
[BlackElo "2103"]
[Source "Chess-Results"]
[PlyCount "191"]

1. c4 Nf6 2. g3 e5 3. Bg2 d5 4. cxd5 Nxd5 5. Nc3 Nb6 6. Nf3
Nc6 7. O-O Be7 8. a3 O-O 9. b4 Be6 10. Rb1 f6 11. d3 a5 12. b5
Nd4 13. Nd2 Rb8 14. e3 Nf5 15. Qc2 Qd7 16. Rd1 Rfd8 17. Nc4
Nxc4 18. dxc4 Qe8 19. Nd5 Qf7 20. Bd2 Bxa3 21. Bxa5 b6 22. Bb4
Bxb4 23. Nxb4 Rd6 24. Nc6 Re8 25. c5 bxc5 26. Qxc5 Qd7
27. Rdc1 Ne7 28. Ra1 Nd5 29. h4 Nb6 30. Nb4 Rd8 31. Qxc7 Rd1+
32. Kh2 Qxc7 33. Rxc7 Rxa1 34. Rc6 Nd5 35. Nc2 Rc1 36. b6 Bf7
37. b7 Ne7 38. Rc7 Kf8 39. Be4 Bb3 40. Rd7 Rb8 41. Nb4 Ba4
42. Na6 Bxd7 43. Nxb8 Bc6 44. Nd7+ Bxd7 45. b8=Q+ Kf7 46. Qb2
Rc8 47. Bc2 Be6 48. Bb3 Rc6 49. Bxe6+ Rxe6 50. Qa2 f5 51. Kg2
Kf6 52. Qa8 Kf7 53. Qa2 Kf6 54. Qc4 Rc6 55. Qb4 Re6 56. e4
fxe4 57. Qxe4 g6 58. Qa8 Kg7 59. g4 Rf6 60. Qe4 Nc6 61. g5 Rd6
62. f4 exf4 63. Qxf4 Re6 64. Qc7+ Ne7 65. Qc3+ Kg8 66. Qb3 Kf7
67. Kh3 Nf5 68. Qb7+ Re7 69. Qd5+ Kg7 70. h5 Re3+ 71. Kh2 Re2+
72. Kg1 Re7 73. h6+ Nxh6 74. Qd4+ Kf7 75. Qf6+ Ke8 76. gxh6
Rf7 77. Qc6+ Ke7 78. Kg2 Kf8 79. Kg3 Ke7 80. Kg4 Kf8 81. Qe6
Re7 82. Qc8+ Re8 83. Qc3 Re4+ 84. Kg5 Kf7 85. Qg7+ Ke6
86. Qxh7 Re5+ 87. Kf4 Rf5+ 88. Kg4 Rf6 89. Qg7 Rf7 90. Qxg6+
Rf6 91. Qg5 Kf7 92. h7 Rh6 93. Qxh6 Ke7 94. h8=Q Kd7 95. Q8g7+
Kc8 96. Qhh8# 1-0

[Event "FIDE Online Olympiad"]
[Site "Chess.com"]
[Date "2020.08.16"]
[EventDate "2020.08.14"]
[Round "7"]
[Result "1-0"]
[White "Aleksej Gennadyevich Aleksandrov"]
[Black "Asyl Abdyjapar"]
[WhiteElo "2549"]
[BlackElo "2390"]
[PlyCount "93"]

1. d4 d5 2. c4 c6 3. Nc3 Nf6 4. e3 e6 5. Nf3 Nbd7 6. Bd3 dxc4
7. Bxc4 b5 8. Be2 a6 9. e4 b4 10. e5 bxc3 11. exf6 cxb2
12. fxg7 Bxg7 13. Bxb2 O-O 14. O-O c5 15. Rb1 Rb8 16. Qc2 cxd4
17. Bxd4 Rxb1 18. Rxb1 Bxd4 19. Nxd4 Qf6 20. Nc6 Kg7 21. Na7
Qd8 22. Rb3 e5 23. h3 Nf6 24. Rb8 Qd4 25. Nxc8 Ne4 26. Bxa6
Rd8 27. Ne7 Qd1+ 28. Qxd1 Rxd1+ 29. Kh2 Nxf2 30. Rb6 f6
31. Rb2 Ne4 32. Be2 Ra1 33. Nf5+ Kf7 34. Bd3 Nc5 35. Bb1 Na4
36. Rb7+ Ke6 37. Ne3 Nc3 38. Bxh7 e4 39. Rb3 Ne2 40. Bxe4 Rxa2
41. Rb6+ Ke5 42. Re6+ Kd4 43. Nf5+ Kc3 44. Rxf6 Kd2 45. h4 Ra4
46. Bf3 Nc3 47. Kg3 1-0

[Event "FIDE Online Olympiad"]
[Site "Chess.com"]
[Date "2020.08.16"]
[EventDate "2020.08.14"]
[Round "7"]
[Result "1-0"]
[White "Olga Badelka"]
[Black "Aizhan Alymbai kyzy"]
[WhiteElo "2246"]
[BlackElo "1801"]
[PlyCount "79"]

1. d4 d5 2. c4 c6 3. cxd5 cxd5 4. Bg5 Bf5 5. Nc3 Nc6 6. e3 h6
7. Bh4 Nf6 8. Bxf6 exf6 9. Qb3 Nb4 10. Bb5+ Bd7 11. Bxd7+ Qxd7
12. a3 Nc6 13. Qxd5 Qxd5 14. Nxd5 O-O-O 15. Nc3 f5 16. g3 g5
17. Nf3 Bg7 18. Rc1 Kb8 19. h4 f6 20. Kd2 g4 21. Ne1 h5
22. Nd3 Bh6 23. Kc2 Nxd4+ 24. exd4 Bxc1 25. Rxc1 Rxd4 26. Rd1
Rhd8 27. Nf4 Rxd1 28. Nxd1 Rc8+ 29. Kd2 Rd8+ 30. Ke2 Re8+
31. Ne3 Rh8 32. Nxf5 Rh7 33. Ne3 Kc8 34. Ned5 Rh6 35. Kd3 Kd7
36. Ke4 Ke8 37. Nxh5 Kf7 38. Nhxf6 Rxf6 39. Nxf6 Kxf6 40. Kf4
1-0

[Event "FIDE Online Olympiad"]
[Site "Chess.com"]
[Date "2020.08.16"]
[EventDate "2020.08.14"]
[Round "7"]
[Result "1-0"]
[White "Denis Lazavik"]
[Black "Arzybek Sezdbekov"]
[WhiteElo "2324"]
[BlackElo "1818"]
[PlyCount "85"]

1. d4 Nf6 2. c4 e6 3. Nf3 d5 4. Nc3 dxc4 5. e4 c5 6. Bxc4 cxd4
7. Nxd4 Bc5 8. Be3 O-O 9. O-O Qe7 10. Qe2 a6 11. e5 Nfd7
12. f4 Nc6 13. Nxc6 bxc6 14. Ne4 Rb8 15. b3 Bxe3+ 16. Qxe3 Nb6
17. Nd6 Nxc4 18. bxc4 a5 19. Rab1 Qc7 20. Rxb8 Qxb8 21. Qc5
Qa8 22. Rb1 a4 23. a3 h6 24. h3 f6 25. exf6 Rxf6 26. Qb6 Rf8
27. Qc7 Ba6 28. Rb6 Kh7 29. Kh2 c5 30. Qc6 Qa7 31. Rxa6 Qe7
32. Qe4+ Kg8 33. Nb5 Re8 34. Ra8 Rxa8 35. Qxa8+ Kh7 36. Qe4+
Kh8 37. Nc3 Qd7 38. Qe5 Qc6 39. Ne4 Qb6 40. Nxc5 Qb1 41. Nxe6
Qb7 42. c5 Qxg2+ 43. Kxg2 1-0

[Event "FIDE Online Olympiad"]
[Site "Chess.com"]
[Date "2020.08.16"]
[EventDate "2020.08.14"]
[Round "7"]
[Result "1-0"]
[White "Novendra Priasmoro"]
[Black "Max Illingworth"]
[WhiteElo "2312"]
[BlackElo "2498"]
[PlyCount "105"]

1. e4 c5 2. Nf3 d6 3. d4 cxd4 4. Nxd4 Nf6 5. Nc3 a6 6. Bg5 e6
7. f4 Be7 8. Qf3 Qc7 9. O-O-O Nbd7 10. Bd3 h6 11. Bh4 g5
12. e5 gxh4 13. exf6 Nxf6 14. Rhe1 Bd7 15. f5 e5 16. Nd5 Nxd5
17. Qxd5 Bg5+ 18. Kb1 O-O-O 19. Nf3 Bc6 20. Qb3 h3 21. Bc4
hxg2 22. Bxf7 Kb8 23. Be6 Bf4 24. Rg1 Qg7 25. Bd5 Bxd5
26. Qxd5 Be3 27. Rge1 Bf2 28. Re2 Bb6 29. f6 Qg4 30. Ng1 Qf5
31. Rxg2 Qxf6 32. Ne2 Rhf8 33. Rg3 Ka7 34. a3 Rc8 35. Nc3 Rc6
36. Ne4 Qf5 37. Rc3 Rxc3 38. Nxc3 Bc7 39. Ne4 Qf3 40. Rd3 Qh1+
41. Ka2 Qxh2 42. Rc3 Bb6 43. Nxd6 Rb8 44. Nc8+ Rxc8 45. Rxc8
Qe2 46. Qg8 Bd4 47. Ra8+ Kb6 48. Qe6+ Ka5 49. Qd5+ Kb6
50. Qe6+ Ka5 51. b4+ Kb5 52. Qd5+ Ka4 53. Qa5# 1-0

[Event "FIDE Online Olympiad"]
[Site "Chess.com"]
[Date "2020.08.16"]
[EventDate "2020.08.14"]
[Round "7"]
[Result "1-0"]
[White "Ummi Fisabilillah"]
[Black "Cassandra Lim"]
[WhiteElo "2182"]
[BlackElo "1493"]
[PlyCount "79"]

1. e4 e6 2. d3 d5 3. Nd2 c5 4. Ngf3 Nc6 5. g3 Bd6 6. Bg2 Nge7
7. O-O O-O 8. Re1 Qc7 9. Qe2 f6 10. Nf1 d4 11. a4 Bd7 12. N3d2
e5 13. Nc4 a6 14. a5 Be6 15. Bd2 Bxc4 16. dxc4 Nb4 17. Bxb4
cxb4 18. Nd2 Nc6 19. Nb3 Qd8 20. c5 Bc7 21. Qc4+ Kh8 22. Red1
Rb8 23. c3 bxc3 24. bxc3 Nxa5 25. Nxa5 Bxa5 26. cxd4 exd4
27. Rxd4 Qc7 28. Bh3 b5 29. cxb6 Qxb6 30. Rd5 Qb4 31. Qxa6 Bc7
32. Qd3 Be5 33. Rd1 Qb6 34. Kg2 Qc7 35. Bf5 Qa7 36. Qf3 Rg8
37. Rd7 Qb6 38. Qh5 h6 39. Qxh6+ gxh6 40. Rh7# 1-0

[Event "FIDE Online Olympiad"]
[Site "Chess.com"]
[Date "2020.08.16"]
[EventDate "2020.08.14"]
[Round "7"]
[Result "1-0"]
[White "Antoaneta Stefanova"]
[Black "Janelle Mae Frayna"]
[WhiteElo "2461"]
[BlackElo "2102"]
[PlyCount "139"]

1. d4 Nf6 2. Bg5 Ne4 3. Bf4 d5 4. e3 e6 5. Bd3 Bd6 6. Bxe4
dxe4 7. Nc3 f5 8. f3 Bxf4 9. exf4 Nc6 10. fxe4 Qxd4 11. Qxd4
Nxd4 12. O-O-O c5 13. exf5 exf5 14. Nd5 O-O 15. c3 Nc6 16. Nf3
b6 17. Nc7 Rb8 18. Ng5 h6 19. Nge6 Bxe6 20. Nxe6 Rf6 21. Nc7
Rf7 22. Nb5 Re7 23. Nd6 Re2 24. Nxf5 Rxg2 25. Rhg1 Rxg1
26. Rxg1 Rb7 27. Nxh6+ Kf8 28. Ng4 Re7 29. Kd2 Rd7+ 30. Ke2
Re7+ 31. Ne3 Nd4+ 32. Kf2 Ne6 33. f5 Nf4 34. Rd1 Nh3+ 35. Kf3
Ng5+ 36. Ke2 Ne4 37. h4 Nf6 38. Kf3 b5 39. Rd8+ Kf7 40. Rc8 c4
41. a4 a6 42. Rc6 Ra7 43. axb5 axb5 44. Rb6 Ra5 45. Rb7+ Kg8
46. Kf4 Kh7 47. Nc2 Ra8 48. Nd4 Ra1 49. Rxb5 Rg1 50. Rc5 Rg4+
51. Kf3 Rxh4 52. Rxc4 Rh2 53. b4 Rb2 54. Rc5 Nd7 55. Rc7 Ne5+
56. Ke4 Ng4 57. Ne6 Nf6+ 58. Kd4 Rg2 59. b5 Ne8 60. Rc6 Rb2
61. c4 Nf6 62. Rc7 Ne8 63. Re7 Nd6 64. Rxg7+ Kh8 65. Rd7 Nxf5+
66. Kc5 Kg8 67. b6 Ne3 68. b7 Nxc4 69. Kxc4 Rc2+ 70. Kb3 1-0

[Event "FIDE Online Olympiad"]
[Site "Chess.com"]
[Date "2020.08.16"]
[EventDate "2020.08.14"]
[Round "7"]
[Result "1-0"]
[White "Martin Petrov"]
[Black "Daniel Quizon"]
[WhiteElo "2393"]
[BlackElo "2164"]
[PlyCount "117"]

1. e4 c5 2. Nf3 e6 3. d4 cxd4 4. Nxd4 a6 5. Nc3 Qc7 6. Be2 Nf6
7. O-O Be7 8. f4 d6 9. Kh1 Nbd7 10. a4 b6 11. Bf3 Bb7 12. Qe2
O-O 13. e5 Bxf3 14. Nxf3 Ne8 15. f5 Nxe5 16. Nxe5 dxe5
17. fxe6 fxe6 18. Rxf8+ Bxf8 19. Bg5 Nd6 20. Qxe5 Qf7 21. Qe2
Nf5 22. Rd1 Qg6 23. Bf4 Re8 24. Be5 Bc5 25. Ne4 Be7 26. Rd7 h5
27. h3 Rd8 28. Rxd8+ Bxd8 29. Kh2 Be7 30. Ng3 Nxg3 31. Bxg3 a5
32. Bc7 Bc5 33. Qd3 Qf7 34. Bd6 Bf2 35. Qf3 Qd7 36. Be5 Bc5
37. Qxh5 Qd2 38. Qg6 Qd7 39. Qd3 Qxa4 40. Qd8+ Kh7 41. Qc7 Bf8
42. Qf7 Qe4 43. Qxe6 Bc5 44. Qe8 Qxc2 45. Qh5+ Kg8 46. Qe8+
Kh7 47. Qh5+ Kg8 48. Qg4 Bf8 49. Qe6+ Kh8 50. Qxb6 Qf5
51. Qxa5 Kh7 52. Qc3 Be7 53. Qg3 Qf7 54. b4 Bxb4 55. Qh4+ Kg8
56. Qxb4 Qe6 57. Qf4 Qd7 58. Qg5 Qf7 59. Qxg7+ 1-0

[Event "FIDE Online Olympiad"]
[Site "Chess.com"]
[Date "2020.08.16"]
[EventDate "2020.08.14"]
[Round "7"]
[Result "1-0"]
[White "Bahar Hallaeva"]
[Black "Sharmin Shirin Sultana"]
[WhiteElo "2096"]
[BlackElo "2140"]
[PlyCount "41"]

1. e4 c5 2. c3 d5 3. exd5 Qxd5 4. d4 e6 5. Nf3 Nf6 6. Bd3 Nc6
7. O-O Be7 8. Be3 cxd4 9. cxd4 O-O 10. Nc3 Qh5 11. h3 Bd7
12. a3 Nd5 13. Ne4 Nxe3 14. fxe3 Rfd8 15. b4 b6 16. Rc1 a5
17. b5 Na7 18. a4 Rac8 19. Rxc8 Rxc8 20. Ne5 Be8 21. Qxh5 1-0

[Event "FIDE Online Olympiad"]
[Site "Chess.com"]
[Date "2020.08.16"]
[EventDate "2020.08.14"]
[Round "7"]
[Result "1-0"]
[White "Rahman Mohammad Fahad"]
[Black "Azat Nurmamedov"]
[WhiteElo "2243"]
[BlackElo "1834"]
[PlyCount "79"]

1. e4 c5 2. Nf3 d6 3. d4 cxd4 4. Nxd4 Nf6 5. Nc3 a6 6. Be3 e5
7. Nb3 Be6 8. f3 Be7 9. Qd2 O-O 10. O-O-O Nbd7 11. g4 b5
12. g5 b4 13. Ne2 Ne8 14. f4 a5 15. f5 a4 16. fxe6 axb3
17. cxb3 fxe6 18. Bh3 Nc7 19. Kb1 Rf3 20. Bg2 Rxe3 21. Qxe3
Nc5 22. h4 Nb5 23. Nc1 Qa5 24. Bf1 Nd4 25. Bc4 Qa7 26. Rhf1
Qb7 27. Rde1 Qc7 28. h5 Qd8 29. Rg1 Qc7 30. Ref1 Qb7 31. Rg4
Qc6 32. Ne2 Nxe2 33. Qxe2 Qb6 34. g6 h6 35. Rf7 Bf6 36. Qe3
Qa5 37. Rxf6 Qxa2+ 38. Kc2 gxf6 39. Qxh6 Qa7 40. g7 1-0

[Event "FIDE Online Olympiad"]
[Site "Chess.com"]
[Date "2020.08.16"]
[EventDate "2020.08.14"]
[Round "8"]
[Result "1-0"]
[White "Saparmyrat Atabayev"]
[Black "Semetey Tologontegin"]
[WhiteElo "2359"]
[BlackElo "2322"]
[PlyCount "145"]

1. e4 g6 2. d4 Bg7 3. Nc3 c6 4. Nf3 d6 5. Be2 Nf6 6. O-O O-O
7. h3 Qc7 8. a4 e5 9. Be3 Nbd7 10. dxe5 dxe5 11. Qd2 Nh5
12. Rfd1 Nf4 13. Bf1 a5 14. g3 Ne6 15. Bc4 Nb6 16. Qe2 Nxc4
17. Qxc4 b6 18. Qb3 Rb8 19. Kg2 Rd8 20. Rxd8+ Qxd8 21. Rd1 Nd4
22. Bxd4 exd4 23. Ne2 c5 24. c3 Ba6 25. Nf4 Qe8 26. cxd4 cxd4
27. Nd2 Bb7 28. Nd5 Bc6 29. Ra1 b5 30. axb5 Rxb5 31. Qc4 Bxd5
32. exd5 Qd7 33. d6 Rxb2 34. Ne4 Qf5 35. Re1 Be5 36. Qd5 Rb8
37. d7 Bc7 38. Qxf5 gxf5 39. Nf6+ Kg7 40. Ne8+ Kg6 41. Nxc7
Rd8 42. Nb5 Rxd7 43. Rd1 d3 44. Kf3 a4 45. Ke3 Rb7 46. Nc3 a3
47. Ra1 Rb3 48. Kxd3 f4 49. Kd4 fxg3 50. fxg3 f5 51. Kc4 Rb2
52. Rxa3 Rh2 53. Nd5 Kg5 54. h4+ Kg4 55. Nf6+ Kh3 56. Nxh7 f4
57. gxf4+ Kg4 58. Nf6+ Kxf4 59. h5 Kg5 60. Rf3 Ra2 61. Kd5
Ra5+ 62. Kd4 Rf5 63. Rxf5+ Kxf5 64. Ne4 Ke6 65. Ng3 Kf7
66. Ke4 Kg7 67. Kf5 Kh6 68. Kf6 Kh7 69. Kg5 Kg7 70. h6+ Kh8
71. Kg6 Kg8 72. Ne4 Kh8 73. Ng5 1-0

[Event "FIDE Online Olympiad"]
[Site "Chess.com"]
[Date "2020.08.16"]
[EventDate "2020.08.14"]
[Round "8"]
[Result "1-0"]
[White "Bahar Hallaeva"]
[Black "Nurai Sovetbekova"]
[WhiteElo "2096"]
[BlackElo "1511"]
[PlyCount "83"]

1. e4 c5 2. c3 d5 3. exd5 Qxd5 4. d4 Nf6 5. Nf3 Bg4 6. Nbd2 e6
7. Qa4+ Nc6 8. Bc4 Qd7 9. Bb5 Rc8 10. Ne5 Qc7 11. Nxg4 Nxg4
12. d5 Qe5+ 13. Be2 Nxf2 14. Kxf2 Qxd5 15. Bf3 Qf5 16. Qe4 Qf6
17. Nc4 Be7 18. Qf4 Qg6 19. Be4 Qh5 20. Qf3 Qxf3+ 21. Bxf3 O-O
22. Bf4 Rfd8 23. Rad1 b5 24. Rxd8+ Rxd8 25. Bxc6 bxc4 26. Ke2
Rc8 27. Bb7 Rf8 28. Rd1 Bf6 29. Ba6 e5 30. Bc1 g6 31. Bxc4 Kg7
32. Rd7 a5 33. a4 Bd8 34. Rd5 f6 35. Rxc5 g5 36. Rd5 Kg6
37. Bd3+ Kh5 38. Rd7 h6 39. Bf5 Rg8 40. Rh7 Bb6 41. g4+ Kh4
42. Rxh6# 1-0

[Event "FIDE Online Olympiad"]
[Site "Chess.com"]
[Date "2020.08.16"]
[EventDate "2020.08.14"]
[Round "8"]
[Result "1-0"]
[White "Ogulsuray Bayrambayeva"]
[Black "Shakhnazi Musaeva"]
[WhiteElo "1865"]
[BlackElo "1543"]
[PlyCount "27"]

1. d4 Nf6 2. c4 e6 3. Nf3 b6 4. g3 Bb7 5. Bg2 Be7 6. Nc3 O-O
7. O-O Ne4 8. d5 Nxc3 9. bxc3 f5 10. Qb3 Na6 11. Rd1 Nc5
12. Qc2 Qe8 13. Nd4 Bf6 14. Nb5 1-0

[Event "FIDE Online Olympiad"]
[Site "Chess.com"]
[Date "2020.08.16"]
[EventDate "2020.08.14"]
[Round "8"]
[Result "1-0"]
[White "Mark Paragua"]
[Black "Niaz Murshed"]
[WhiteElo "2573"]
[BlackElo "2476"]
[PlyCount "73"]

1. Nf3 Nf6 2. g3 d5 3. Bg2 Nc6 4. d4 Bf5 5. O-O e6 6. c4 Be7
7. Nc3 Ne4 8. Qb3 Nxc3 9. bxc3 Na5 10. Qa4+ c6 11. Nd2 O-O
12. e4 Bg6 13. f4 dxe4 14. Nxe4 Rb8 15. Rb1 b6 16. Be3 Qc8
17. Rbe1 Qa6 18. g4 f5 19. gxf5 Bxf5 20. c5 Qb5 21. Qd1 Nc4
22. Ng3 bxc5 23. Nxf5 exf5 24. d5 Rbd8 25. Qb3 Bh4 26. dxc6
Qxb3 27. axb3 Bxe1 28. bxc4 Bxc3 29. Bd5+ Kh8 30. Bxc5 Rfe8
31. Rb1 Bd2 32. Rb7 Bxf4 33. Rxa7 Rb8 34. Kg2 Be3 35. Bxe3
Rxe3 36. c7 Rc8 37. Bb7 1-0

[Event "FIDE Online Olympiad"]
[Site "Chess.com"]
[Date "2020.08.16"]
[EventDate "2020.08.14"]
[Round "8"]
[Result "1-0"]
[White "Ziaur Rahman"]
[Black "Darwin Laylo"]
[WhiteElo "2533"]
[BlackElo "2338"]
[PlyCount "93"]

1. d4 Nf6 2. Bg5 d5 3. e3 Nbd7 4. Nf3 g6 5. c4 c6 6. Nc3 Bg7
7. cxd5 cxd5 8. Bd3 O-O 9. O-O a6 10. a4 b6 11. h3 Bb7 12. Qb3
h6 13. Bf4 Nb8 14. Ne5 Nc6 15. Rfc1 Rc8 16. Nxc6 Rxc6 17. Ne2
Rxc1+ 18. Rxc1 Ne8 19. Bc7 Nxc7 20. Qxb6 Qa8 21. Rxc7 Rb8
22. Rxe7 Bc6 23. Qc7 Rc8 24. Qf4 Be8 25. Nc3 Bf8 26. Rc7 Rd8
27. Qf6 Bd6 28. Ra7 Qb8 29. Rxa6 Bf8 30. Bb5 Rc8 31. Bxe8 Rxe8
32. Qb6 Qc8 33. Qc6 Qb8 34. Qxd5 Qxb2 35. Rxg6+ Bg7 36. Rc6
Qb7 37. Qc4 Qe7 38. a5 Qa3 39. a6 Bf8 40. Nd5 Kg7 41. Nf4 Bd6
42. g3 Bxf4 43. gxf4 Rxe3 44. fxe3 Qxe3+ 45. Kg2 Qe4+ 46. Kf2
Qxf4+ 47. Ke2 1-0

[Event "FIDE Online Olympiad"]
[Site "Chess.com"]
[Date "2020.08.16"]
[EventDate "2020.08.14"]
[Round "8"]
[Result "1-0"]
[White "Janelle Mae Frayna"]
[Black "Rani Hamid"]
[WhiteElo "2102"]
[BlackElo "2006"]
[PlyCount "203"]

1. e4 c5 2. Nf3 e6 3. g3 Nc6 4. Bg2 Qc7 5. O-O Nf6 6. Qe2 d6
7. c3 e5 8. d3 Be7 9. Nbd2 O-O 10. a4 Bg4 11. h3 Bh5 12. Nc4
b6 13. Ne3 Rad8 14. g4 Bg6 15. Nf5 Rfe8 16. Bg5 Bxf5 17. gxf5
h6 18. Bh4 Nh7 19. Bxe7 Qxe7 20. h4 Nf6 21. Nd2 Kh7 22. h5 Nd7
23. Nc4 Qf6 24. Ne3 Ne7 25. Qg4 Qg5 26. Qxg5 hxg5 27. Bf3 Nf6
28. Rfe1 Neg8 29. Kg2 Nh6 30. Kg3 g4 31. Bxg4 Nhxg4 32. Nxg4
Nxh5+ 33. Kf3 Nf4 34. Rh1+ Kg8 35. Rag1 Kf8 36. f6 gxf6
37. Nxf6 Re6 38. Ng4 Nxd3 39. Ne3 Rf6+ 40. Nf5 Ke8 41. Rg8+
Kd7 42. Rxd8+ Kxd8 43. b3 d5 44. Rd1 c4 45. bxc4 dxc4 46. Ke2
Kc7 47. f3 Rg6 48. Ne3 Nf4+ 49. Kf2 Rc6 50. Nd5+ Nxd5 51. Rxd5
f6 52. Rb5 Rd6 53. Rb4 Rc6 54. Kg3 Kd6 55. Kg4 a6 56. Kf5 Kc5
57. f4 exf4 58. Kxf4 b5 59. axb5 axb5 60. Kf5 Rd6 61. Rb1 Ra6
62. Rd1 Ra3 63. Rc1 Ra6 64. Rd1 Rb6 65. Rd5+ Kc6 66. Kxf6 b4
67. cxb4 Rxb4 68. Rd1 Kc5 69. e5 Rb2 70. e6 Rf2+ 71. Kg7 Rg2+
72. Kf8 Rf2+ 73. Ke8 c3 74. e7 Kc4 75. Re1 c2 76. Kd8 Rd2+
77. Kc8 Re2 78. Rxe2 c1=Q 79. e8=Q Kd3+ 80. Kd8 Qg5+ 81. Qe7
Qg8+ 82. Kc7 Qc4+ 83. Kd7 Qg4+ 84. Re6 Qa4+ 85. Kd8 Qa8+
86. Kc7 Qa7+ 87. Kc6 Qa6+ 88. Kd5 Qc4+ 89. Ke5 Qe4+ 90. Kf6
Qh4+ 91. Kf7 Qh7+ 92. Ke8 Qh5+ 93. Qf7 Qh8+ 94. Kd7 Qh3
95. Qg6+ Kc3 96. Qf6+ Kb4 97. Qd4+ Kb5 98. Qd5+ Kb4 99. Qe4+
Kb5 100. Qe2+ Kc5 101. Qe3+ Kb4 102. Qxh3 1-0

[Event "FIDE Online Olympiad"]
[Site "Chess.com"]
[Date "2020.08.16"]
[EventDate "2020.08.14"]
[Round "8"]
[Result "1-0"]
[White "Tsvetan Stoyanov"]
[Black "Novendra Priasmoro"]
[WhiteElo "2039"]
[BlackElo "2312"]
[PlyCount "43"]

1. e4 c5 2. Nf3 Nc6 3. d4 cxd4 4. Nxd4 g6 5. c4 Nf6 6. Nc3 d6
7. Be2 Nxd4 8. Qxd4 Bg7 9. Bg5 O-O 10. Qe3 a5 11. O-O a4
12. Rac1 Qa5 13. f4 Re8 14. e5 Bg4 15. Bxg4 Nxg4 16. Qf3 Qc5+
17. Kh1 Ne3 18. Ne4 Qd4 19. Rfe1 Nxc4 20. Red1 Nxe5 21. fxe5
Qxe5 22. Bd2 1-0

[Event "FIDE Online Olympiad"]
[Site "Chess.com"]
[Date "2020.08.16"]
[EventDate "2020.08.14"]
[Round "8"]
[Result "1-0"]
[White "Nurgyul Salimova"]
[Black "Medina Warda Aulia"]
[WhiteElo "2085"]
[BlackElo "2344"]
[PlyCount "91"]

1. Nf3 e6 2. g3 Nf6 3. Bg2 d5 4. O-O Nbd7 5. b3 Be7 6. c4 O-O
7. Bb2 a5 8. Nc3 c6 9. e3 Re8 10. Qe2 b6 11. Rfd1 Ba6 12. d3
e5 13. Rac1 Bf8 14. Qc2 Rc8 15. Qb1 h6 16. Ne2 c5 17. e4 d4
18. Nh4 a4 19. Rf1 b5 20. Qc2 Rb8 21. Rb1 Qa5 22. Bc1 axb3
23. axb3 bxc4 24. dxc4 Qb6 25. Bd2 Rbd8 26. Nc1 Nb8 27. Nd3
Nc6 28. Ra1 Bb7 29. f3 Ra8 30. Nf5 Reb8 31. f4 Bc8 32. Rxa8
Rxa8 33. fxe5 Ng4 34. Bf4 Ra3 35. h3 Ne3 36. Nxe3 dxe3
37. Bxe3 Qxb3 38. Qxb3 Rxb3 39. Rd1 Be6 40. Bf2 Bxc4 41. Nxc5
Bxc5 42. Bxc5 Rxg3 43. Kh2 Rb3 44. Bd6 Be6 45. Rd2 Nb4 46. Bf1
1-0

[Event "FIDE Online Olympiad"]
[Site "Chess.com"]
[Date "2020.08.16"]
[EventDate "2020.08.14"]
[Round "8"]
[Result "1-0"]
[White "Mihail Nikitenko"]
[Black "Laurent Huynh"]
[WhiteElo "2406"]
[BlackElo "2161"]
[PlyCount "75"]

1. e4 e5 2. Nf3 Nc6 3. Bb5 a6 4. Ba4 Nf6 5. O-O b5 6. Bb3 Be7
7. Re1 O-O 8. a4 Bb7 9. d3 d6 10. c3 Nb8 11. Nbd2 Nbd7 12. a5
c5 13. Nf1 c4 14. dxc4 bxc4 15. Bxc4 Nxe4 16. Ne3 Nef6 17. Nf5
Rc8 18. Ba2 Nc5 19. Bg5 Nce4 20. Bh4 g6 21. Nxe7+ Qxe7 22. Nd2
Nxd2 23. Qxd2 Rfe8 24. f4 Rc7 25. Qf2 Kg7 26. fxe5 dxe5
27. Rf1 Ne4 28. Bxe7 Nxf2 29. Bd6 Rd7 30. Rxf2 Rxd6 31. Rxf7+
Kh6 32. Rxb7 e4 33. Re1 e3 34. Bc4 Rc8 35. b3 Re8 36. Rb6 Rd2
37. Bxa6 Rf8 38. Bf1 1-0